| 000 | 00976nam a2200325 a 4500 | ||
|---|---|---|---|
| 001 | BRL_1134 | ||
| 005 | 20190320211041.0 | ||
| 008 | 141113c1979----mx-#######---#000-0#spa-# | ||
| 020 | _a968160122X | ||
| 041 | _aspa | ||
| 044 | _amx | ||
| 050 | 4 |
_aBL310 _b.F73 1979 |
|
| 100 | 1 |
_aFrazer, James George _cSir _d1854-1941 _925885 |
|
| 245 | 1 | 0 |
_aLa rama dorada _bmagia y religión _cJames George Frazer ; traducción de Elizabeth y Tadeo I. Campuzano. |
| 250 | _a2a ed. | ||
| 260 |
_aMéxico _bFCE _c1979 |
||
| 300 |
_a860 p. _c21 cm. |
||
| 440 | 0 |
_aSección de obras de sociología _91622 |
|
| 500 | _aIncluye índice analítico | ||
| 500 | _aTraducción de: The Golden Bough | ||
| 500 | _aAu1314 | ||
| 650 | 1 | 4 |
_aMitología _99838 |
| 650 | 1 | 4 |
_aReligión primitiva _925886 |
| 650 | 1 | 4 |
_aMagia _912071 |
| 650 | 1 | 4 |
_aSuperstición _916269 |
| 700 | 1 |
_aCampuzano, Tadeo I. _etr. _925887 |
|
| 700 | 1 |
_aCampuzano, Elizabeth _etr. _925888 |
|
| 902 | _aGRL | ||
| 942 |
_2lcc _cB |
||
| 999 |
_c9946 _d9946 |
||